000 00296nam a22001217a 4500
008 230502b |||||||| |||| 00| 0 eng d
100 _aBare Act
245 _aThe Information Technology Act 2000
260 _aDelhi
_bUniversal Pub
_c2008
300 _a151
546 _aEnglish
942 _2ddc
_cBK
999 _c19958
_d19958